Amazing mumford forgets the magic words! (The) / (Record no. 104182)
[ view plain ]
| 000 -LEADER | |
|---|---|
| fixed length control field | 00517nam a2200157 a 4500 |
| 005 - DATE AND TIME OF LATEST TRANSACTION | |
| control field | 20140412111315.0 |
| 008 - FIXED-LENGTH DATA ELEMENTS--GENERAL INFORMATION | |
| fixed length control field | 001214s19uu xx 00 eng d |
| 050 ## - LIBRARY OF CONGRESS CALL NUMBER | |
| Classification number | ER |
| Item number | Am11 |
| 100 ## - MAIN ENTRY--PERSONAL NAME | |
| Personal name | Thackray, Patricia |
| 245 ## - TITLE STATEMENT | |
| Title | Amazing mumford forgets the magic words! (The) / |
| Statement of responsibility, etc | written by Patricia Thackray ; illustrated by Normand Chartier. |
| 260 ## - PUBLICATION, DISTRIBUTION, ETC. (IMPRINT) | |
| Place of publication, distribution, etc | U. S. A : |
| Name of publisher, distributor, etc | A Sesame Street Book, |
| Date of publication, distribution, etc | 1979. |
| 300 ## - PHYSICAL DESCRIPTION | |
| Extent | 1 v. (unp.) ; ill. |
| 440 ## - SERIES STATEMENT/ADDED ENTRY--TITLE | |
| Title | CTW/Sesame Street |
| 650 ## - SUBJECT ADDED ENTRY--TOPICAL TERM | |
| Topical term or geographic name as entry element | Magic stories -- Fiction |
| Withdrawn status | Lost status | Damaged status | Use restrictions | Home library | Current library | Shelving location | Date acquired | Source of acquisition | Total Checkouts | Full call number | Barcode | Date last seen | Price effective from | Koha item type |
|---|---|---|---|---|---|---|---|---|---|---|---|---|---|---|
| Elizalde Library | Elizalde Library | Easy Reading Section | 12/14/2000 | ER Am11 | E6898 | 04/12/2014 | 04/12/2014 | Books |